| 000 | 00582cab a2200205 4500 | ||
|---|---|---|---|
| 001 | X2276 | ||
| 008 | 090401t1995 xxu||||| |||| 00| 0 eng d | ||
| 035 | _a(Sirsi) u23083 | ||
| 041 | _aeng | ||
| 245 | _aChartered surveyors gain ground at international property event | ||
| 260 | _c1995 | ||
| 350 | _a0 | ||
| 490 |
_aCSM (Chartered Surveyor Monthly) _v4(6) April 1995, 60(1) |
||
| 650 | _aEUROPEAN SOCIETY OF CHARTERED SURVEYORS | ||
| 650 | _aMIPIM | ||
| 650 | _aRICS | ||
| 690 | _aMANAGEMENT-BUSINESS MANAGEMENT-PROFESSIONAL PRACTICE | ||
| 942 | _n0 | ||
| 948 | _c04/03/1997 | ||
| 999 |
_c15464 _d15464 |
||